Trouvez la mythologie en fonction du personnage mythologique - Statistiques

Statistiques générales
  • Ce quiz a été pris 48 fois
  • Le résultat moyen est 6 sur 20
Statistiques - réponses
Personnage Mythologie Statut de la religion % Correct
Héphaïstos Grecque Éteinte
83%
Minerve Romaine/Latine Éteinte
70%
Baldur Nordique/Germanique Éteinte/Néopaganisme
53%
Toth Égyptienne Éteinte
48%
Shiva Hindoue Active
48%
Quetzalcoatl Aztèque Éteinte
45%
Gilgamesh Mésopotamienne Éteinte
35%
Apocatequil Inca Éteinte
33%
Sun Wukong Bouddhiste Active
23%
Ah Puch Maya Éteinte
23%
Tsukuyomi Shintoïste Active
23%
Morrigan Celtique Éteinte/Néopaganisme
20%
Maui Maorie/Maori Active
18%
Ahriman Perse Éteinte
8%
Lei Gong Taoïste Active
8%
Soundiata Ouest-Africaine/Malienne Active
5%
Melkart Punique Éteinte
5%
Svarog Slave Éteinte
5%
Glooskap Amérindienne Active partiellement
3%
Gurzil Berbère/Nord-Africaine Éteinte
3%
Aucun quiz correspondant
Distribution des résultats
% des personnes avec chaque résultat
Percentile par nombre de réponses
Votre historique - résultats
Vous n’avez pas pris ce quiz